Caricamento...
Java threads /
| Autore principale: | |
|---|---|
| Natura: | Printed Book |
| Lingua: | English |
| Pubblicazione: |
Mumbai :
Shroff Publishers,
1999.
|
| Edizione: | 2nd ed. |
| LEADER | 00510nam a22001577a 4500 | ||
|---|---|---|---|
| 008 | 170321b xxu||||| |||| 00| 0 eng d | ||
| 999 | |c 163086 |d 163086 | ||
| 020 | |a 9788173660573 | ||
| 082 | |a 005.712 | ||
| 100 | |a Oaks, Scott | ||
| 245 | |a Java threads / |c Scott Oaks | ||
| 250 | |a 2nd ed. | ||
| 260 | |a Mumbai : |b Shroff Publishers, |c 1999. | ||
| 300 | |a xiii, 319 p. | ||
| 942 | |c BK | ||
| 952 | |0 0 |1 0 |4 0 |6 005_712000000000000_OAK_J |7 0 |9 179155 |a CMS |b CMS |c ST1 |d 2017-03-21 |i 7285 |l 0 |o 005.712 OAK/J |p CMS7285 |r 2017-03-21 |w 2017-03-21 |y BK | ||